000 00292nam a2200133Ia 4500
100 _aWishart/Alfred
942 _cBK
654 _aWoodwork Practice
245 _aWoodwork Practice & Theory
260 _bCopp Chark
_aVancouver
_c1936
082 _a684
300 _a236
546 _aENGLISH
999 _c20773
_d20773